Breviario de Derecho germánico
-д хадгалсан:
| Үндсэн зохиолч: | |
|---|---|
| Формат: | Ном |
| Хэл сонгох: | испани |
| Хэвлэсэн: |
Madrid
Universidad Complutense
1993
|
| Хэвлэл: | 1a. ed |
| Нөхцлүүд: | |
| Шошгууд: |
Шошго нэмэх
Шошго байхгүй, Энэхүү баримтыг шошголох эхний хүн болох!
|
MARC
| LEADER | 00000cam a2200000 a 4500 | ||
|---|---|---|---|
| 001 | UCD0692 | ||
| 003 | CL-VaPUC | ||
| 008 | 151210e19930000sp |||||||||||||||||spa|d | ||
| 020 | |a 8486926556 | ||
| 082 | 0 | 4 | |a 340.043 |b PER |2 21 |
| 100 | 0 | |a Pérez-Prendes Muñoz-Arraco, José Manuel |e author |9 583677 | |
| 245 | 1 | 0 | |a Breviario de Derecho germánico |
| 250 | |a 1a. ed | ||
| 300 | |a 126 p | ||
| 942 | |c BK | ||
| 945 | |d 20151210 22:58:00 |a dcastane | ||
| 260 | |a Madrid |b Universidad Complutense |c 1993 | ||
| 650 | 0 | |a Derecho europeo |9 391498 | |
| 650 | 0 | |a Derecho alemán |9 385144 | |
| 650 | 7 | |a HISTORIA DEL DERECHO ALEMAN |2 CL-VaPUC |9 400954 | |
| 583 | |a last modification |c 20151210 22:58:00 |k Rodrigo Vera | ||
| 999 | |c 362154 |d 362152 | ||
| 952 | |0 0 |1 0 |3 erb |4 0 |6 340_043000000000000_PER_1993 |7 0 |8 A |9 473080 |a BIBDER |b BIBDER |i 5256437 |l 2 |o 340.043 PER 1993 |p 5256437 |r 2023-01-25 |s 2021-08-19 |w 2019-11-24 |y BK |z Catalogado en:20151210 |k DER | ||